[Event "BCF-chT2a 1819 (4NCL)"]
[Site "England"]
[Date "2019.03.16"]
[Round "7.12"]
[White "Lund, D Brett"]
[Black "Drabble, Andrew"]
[Result "1/2-1/2"]
[WhiteElo "2238"]
[BlackElo "2085"]
[PlyCount "89"]
[EventDate "2018.11.10"]
[EventType "team-tourn"]
[EventRounds "11"]
[EventCountry "ENG"]
[SourceTitle "EXT 2021"]
[Source "ChessBase"]
[SourceDate "2020.10.23"]
[SourceVersion "1"]
[SourceVersionDate "2020.10.23"]
[SourceQuality "1"]
[WhiteTeam "Spirit of Atticus"]
[BlackTeam "Bradford DCA Knights"]
[WhiteTeamCountry "ENG"]
[BlackTeamCountry "ENG"]

1. g3 d5 2. Bg2 Nf6 3. Nf3 Bg4 4. d3 Nbd7 5. Nbd2 e5 6. h3 Bh5 7. g4 Bg6 8. Nh4 c6 9. Nxg6 hxg6 10. e3 Bd6 11. Qe2 Qe7 12. b3 0-0-0 13. Bb2 Ne8 14. 0-0-0 Ba3 15. c4 Nb6 16. cxd5 cxd5 17. Nf3 Nc7 18. Bxa3 Qxa3+ 19. Qb2 Qxb2+ 20. Kxb2 f6 21. Rd2 Kd7 22. d4 e4 23. Ne1 Rhe8 24. Rf1 Ne6 25. f4 Rc8 26. Rff2 Kd6 27. Rc2 Rxc2+ 28. Nxc2 Nd8 29. Na3 a6 30. Nb1 Ne6 31. Nc3 Rc8 32. Bf1 Rh8 33. a4 a5 34. Rc2 Rc8 35. Rh2 Nc7 36. h4 Rh8 37. Be2 Ke6 38. h5 gxh5 39. gxh5 g6 40. Ka3 gxh5 41. Rxh5 Rxh5 42. Bxh5 Kd6 43. Be2 Nc8 44. b4 axb4+ 45. Kxb4 1/2-1/2

[Event "BCF-chT2b 1617 (4NCL)"]
[Site "England"]
[Date "2017.01.14"]
[Round "3.81"]
[White "Drabble, Andrew"]
[Black "Pitcher, John"]
[Result "1/2-1/2"]
[WhiteElo "2078"]
[BlackElo "2222"]
[PlyCount "32"]
[EventDate "2016.11.19"]
[EventType "team-tourn"]
[EventRounds "11"]
[EventCountry "ENG"]
[SourceTitle "EXT 2019"]
[Source "ChessBase"]
[SourceDate "2018.10.10"]
[SourceVersion "1"]
[SourceVersionDate "2018.10.10"]
[SourceQuality "1"]
[WhiteTeam "Bradford DCA Knights"]
[BlackTeam "Warwicks Select"]
[WhiteTeamCountry "ENG"]
[BlackTeamCountry "ENG"]

1. d4 d5 2. Nf3 Nf6 3. c4 c6 4. e3 a6 5. Nc3 b5 6. b3 Bg4 7. Be2 Nbd7 8. 0-0 e6 9. Qc2 Bf5 10. Bd3 Bxd3 11. Qxd3 Bb4 12. Bd2 Ba5 13. Ne2 0-0 14. cxb5 cxb5 15. a4 Bxd2 16. Nxd2 Qb6 1/2-1/2

[Event "BCF-chT2b 1617 (4NCL)"]
[Site "England"]
[Date "2016.11.20"]
[Round "2.81"]
[White "Bisby, Daniel L"]
[Black "Drabble, Andrew"]
[Result "1/2-1/2"]
[WhiteElo "2311"]
[BlackElo "2078"]
[PlyCount "99"]
[EventDate "2016.11.19"]
[EventType "team-tourn"]
[EventRounds "11"]
[EventCountry "ENG"]
[SourceTitle "EXT 2019"]
[Source "ChessBase"]
[SourceDate "2018.10.10"]
[SourceVersion "1"]
[SourceVersionDate "2018.10.10"]
[SourceQuality "1"]
[WhiteTeam "Cambridge University"]
[BlackTeam "Bradford DCA Knights"]
[WhiteTeamCountry "ENG"]
[BlackTeamCountry "ENG"]

1. e4 e6 2. Nc3 d5 3. d4 dxe4 4. Nxe4 Nd7 5. Nf3 Ngf6 6. Ng3 c5 7. c3 Qc7 8. Bd3 Bd6 9. 0-0 b6 10. Re1 0-0 11. dxc5 Nxc5 12. Bc2 Bb7 13. Bg5 Be7 14. Qe2 h6 15. Bxf6 Bxf6 16. Nh5 Qe7 17. Ne5 Bxe5 18. Qxe5 Qg5 19. Qxg5 hxg5 20. f3 Rfd8 21. Rad1 Bc6 22. Ng3 Kf8 23. Ne2 e5 24. Ng3 f6 25. Nf5 Nb7 26. Kf2 Rxd1 27. Rxd1 Rd8 28. Rxd8+ Nxd8 29. Nd6 Bd7 30. Bd3 Ke7 31. Nf5+ Kf8 32. Nd6 Ke7 33. Nb5 Nc6 34. Be4 a5 35. Na3 Kd6 36. Nc4+ Kc5 37. Ne3 b5 38. Nf5 g6 39. Nh6 Ne7 40. Ng4 Bxg4 41. fxg4 f5 42. Bc2 e4 43. gxf5 gxf5 44. g4 Kd5 45. gxf5 Nxf5 46. a4 bxa4 47. Bxa4 Ke5 48. b4 axb4 49. cxb4 Kf4 50. Bd1 1/2-1/2

[Event "Leaminton County-ch"]
[Site "Leamington Spa"]
[Date "2016.07.02"]
[Round "1.16"]
[White "Crichton, Martin"]
[Black "Drabble, Andrew"]
[Result "0-1"]
[WhiteElo "1949"]
[BlackElo "2078"]
[PlyCount "118"]
[EventDate "2016.07.02"]
[EventType "team-match"]
[EventRounds "1"]
[EventCountry "ENG"]
[SourceTitle "CBM 173 Extra"]
[Source "ChessBase"]
[SourceDate "2016.08.29"]
[SourceVersion "1"]
[SourceVersionDate "2016.08.29"]
[SourceQuality "1"]
[WhiteTeam "Middlesex"]
[BlackTeam "Yorkshire"]
[WhiteTeamCountry "ENG"]
[BlackTeamCountry "ENG"]

1. c4 e6 2. g3 Nf6 3. Bg2 d5 4. Nf3 Be7 5. d4 0-0 6. 0-0 Nbd7 7. cxd5 exd5 8. Nc3 c6 9. Nd2 Re8 10. e4 dxe4 11. Ndxe4 Nxe4 12. Nxe4 Nb6 13. b3 Nd5 14. Bb2 Bf5 15. Qf3 Qc8 16. Rfe1 Bb4 17. Nc3 Rxe1+ 18. Rxe1 Be6 19. Qd3 Nxc3 20. Bxc3 Bxc3 21. Qxc3 Qd7 22. Qc5 a6 23. Qb6 Rd8 24. h4 Qc8 25. Re5 Rd7 26. Qc5 Qd8 27. Qb4 h6 28. d5 cxd5 29. Qd4 Rd6 30. f4 Qd7 31. f5 Bxf5 32. Rxd5 Rxd5 33. Qxd5 Qxd5 34. Bxd5 Bc8 35. a3 Kf8 36. Kf2 f6 37. Ke3 Ke7 38. b4 Kd6 39. Kd4 b6 40. Be4 Bd7 41. Bd3 Bc8 42. Be4 g5 43. hxg5 hxg5 44. a4 a5 45. bxa5 bxa5 46. Bd3 Bd7 47. Bc2 f5 48. Bd1 Bc6 49. Bc2 f4 50. gxf4 g4 51. Bf5 g3 52. Bh3 Bxa4 53. Kc3 Bd7 54. Bg2 Kc5 55. Kb3 Kd4 56. Ka3 Ke3 57. f5 Bxf5 58. Ka4 Kf2 59. Bh1 Bg4 0-1

[Event "BCF-chT3Na 1516 (4NCL)"]
[Site "England"]
[Date "2016.01.16"]
[Round "3.67"]
[White "Drabble, Andrew"]
[Black "Lau, Jason"]
[Result "1-0"]
[WhiteElo "2064"]
[BlackElo "2080"]
[PlyCount "73"]
[EventDate "2015.11.14"]
[EventType "team-swiss"]
[EventRounds "7"]
[EventCountry "ENG"]
[SourceTitle "CBM 170 Extra"]
[Source "ChessBase"]
[SourceDate "2016.02.25"]
[SourceVersion "1"]
[SourceVersionDate "2016.02.25"]
[SourceQuality "1"]
[WhiteTeam "Bradford DCA Knights"]
[BlackTeam "3CS Oldham II"]
[WhiteTeamCountry "ENG"]
[BlackTeamCountry "ENG"]

1. d4 Nf6 2. Nf3 g6 3. Nbd2 d5 4. e3 Bg7 5. b4 0-0 6. Bb2 a6 7. c4 e6 8. Be2 b6 9. 0-0 Bb7 10. Qb3 Nbd7 11. Rfc1 dxc4 12. Nxc4 Qe7 13. Nce5 Bd5 14. Bc4 c6 15. Bxd5 cxd5 16. b5 axb5 17. Qxb5 Ra5 18. Qb3 Rfa8 19. Nc6 Qe8 20. Nxa5 Rxa5 21. Bc3 Ra8 22. Qb5 Bf8 23. a4 Ne4 24. Bb4 Bxb4 25. Qxb4 Kg7 26. h3 h5 27. a5 bxa5 28. Rxa5 Rxa5 29. Qxa5 g5 30. Qc7 g4 31. Ne5 Nxe5 32. Qxe5+ Kg6 33. h4 Qb5 34. Rc8 Qb1+ 35. Kh2 g3+ 36. fxg3 Nf2 37. Rg8+ 1-0

[Event "BCF-chT3 1415 (4NCL)"]
[Site "England"]
[Date "2015.03.21"]
[Round "8.99"]
[White "Matta, Francesca"]
[Black "Drabble, Andrew"]
[Result "1/2-1/2"]
[WhiteElo "1918"]
[BlackElo "2076"]
[PlyCount "84"]
[EventDate "2015.03.21"]
[EventType "team-swiss"]
[EventRounds "11"]
[EventCountry "ENG"]
[SourceTitle "EXT 2016"]
[Source "ChessBase"]
[SourceDate "2015.10.08"]
[SourceVersion "1"]
[SourceVersionDate "2015.10.08"]
[SourceQuality "1"]
[WhiteTeam "Oxford III"]
[BlackTeam "Bradford DCA Knights"]
[WhiteTeamCountry "ENG"]
[BlackTeamCountry "ENG"]

1. d4 e6 2. Bf4 Nf6 3. Nf3 Nh5 4. Bg5 Be7 5. Bxe7 Qxe7 6. c3 d6 7. Nbd2 0-0 8. e3 Nf6 9. Bd3 e5 10. dxe5 dxe5 11. Qc2 Rd8 12. Rd1 Nc6 13. Ng5 h6 14. Nge4 Nd5 15. Ng3 g6 16. 0-0 Kg7 17. Bc4 Be6 18. Bxd5 Rxd5 19. b4 Rad8 20. Nb3 b6 21. Rxd5 Rxd5 22. Rd1 Qd7 23. Rd2 Ne7 24. h3 Rd6 25. Rxd6 Qxd6 26. a3 Bc4 27. Nd2 Qd3 28. Qxd3 Bxd3 29. c4 f5 30. f4 Kf6 31. Kf2 Nc6 32. Ne2 a5 33. Nc3 axb4 34. Nd5+ Ke6 35. Nxb4 Nxb4 36. axb4 Kd6 37. g3 Ke6 38. Kf3 c6 39. Kf2 Kf6 40. Kf3 Ke6 41. Kf2 Kf6 42. Kf3 Ke6 1/2-1/2

[Event "Blackpool op 39th"]
[Site "Blackpool"]
[Date "2015.03.07"]
[Round "3"]
[White "Allen, Keith"]
[Black "Drabble, Andrew"]
[Result "1/2-1/2"]
[WhiteElo "2210"]
[BlackElo "2057"]
[PlyCount "34"]
[EventDate "2015.03.06"]
[EventType "swiss"]
[EventRounds "5"]
[EventCountry "ENG"]
[SourceTitle "CBM 165 Extra"]
[Source "ChessBase"]
[SourceDate "2015.04.21"]
[SourceVersion "1"]
[SourceVersionDate "2015.04.21"]
[SourceQuality "1"]

1. d4 e6 2. c4 Bb4+ 3. Bd2 Qe7 4. Nf3 Nf6 5. Nc3 Bxc3 6. Bxc3 Ne4 7. Rc1 0-0 8. g3 b6 9. Bg2 Bb7 10. 0-0 Nxc3 11. Rxc3 d6 12. c5 d5 13. Qc2 c6 14. b4 bxc5 15. bxc5 Ba6 16. Rb1 Nd7 17. Ra3 Bb5 1/2-1/2

[Event "Leicester Atkins Memorial"]
[Site "Leicester"]
[Date "2014.11.30"]
[Round "4"]
[White "Drabble, Andrew"]
[Black "Burrows, Martin P"]
[Result "0-1"]
[WhiteElo "2076"]
[BlackElo "2130"]
[PlyCount "70"]
[EventDate "2014.11.28"]
[EventType "swiss"]
[EventRounds "5"]
[EventCountry "ENG"]
[SourceTitle "EXT 2023"]
[Source "ChessBase"]
[SourceDate "2022.10.05"]
[SourceVersion "1"]
[SourceVersionDate "2022.10.05"]
[SourceQuality "1"]

1. d4 Nf6 2. Nf3 g6 3. Nbd2 Bg7 4. e4 d6 5. c3 0-0 6. Be2 Nbd7 7. 0-0 e5 8. dxe5 dxe5 9. Qc2 Qe7 10. Nc4 b6 11. Bg5 Bb7 12. Nfd2 h6 13. Bh4 Nc5 14. f3 Rfe8 15. Rfe1 Qf8 16. Ne3 Ne6 17. Bf2 Nf4 18. Bf1 a5 19. Rad1 Rad8 20. Ndc4 Qe7 21. Rxd8 Qxd8 22. Rd1 Qc8 23. a4 Bf8 24. Bh4 Qe6 25. Qd2 Bc5 26. Kh1 g5 27. Bg3 Kh7 28. Nf5 Bc6 29. b3 N6h5 30. Bf2 Bxf2 31. Qxf2 Ng7 32. Nxg7 Kxg7 33. g3 Nh5 34. Bg2 Bxa4 35. Nxb6 Qxb3 0-1

[Event "BCF-chT2d 1314 (4NCL)"]
[Site "England"]
[Date "2014.05.04"]
[Round "10.73"]
[White "Drabble, Andrew"]
[Black "Byway, Paul V"]
[Result "1/2-1/2"]
[WhiteElo "2071"]
[BlackElo "2122"]
[PlyCount "78"]
[EventDate "2013.11.16"]
[EventType "team-tourn"]
[EventRounds "11"]
[EventCountry "ENG"]
[SourceTitle "EXT 2015"]
[Source "ChessBase"]
[SourceDate "2014.11.20"]
[SourceVersion "1"]
[SourceVersionDate "2014.11.20"]
[SourceQuality "1"]
[WhiteTeam "Bradford DCA Knights"]
[BlackTeam "Poisoned Pawns"]
[WhiteTeamCountry "ENG"]
[BlackTeamCountry "ENG"]

1. d4 d5 2. Nf3 e6 3. c4 Nf6 4. g3 Be7 5. Bg2 0-0 6. Nbd2 b6 7. 0-0 Bb7 8. b3 Nbd7 9. Bb2 c5 10. Re1 Rc8 11. Rc1 Ne4 12. cxd5 exd5 13. Nxe4 dxe4 14. Nd2 f5 15. dxc5 Nxc5 16. Nc4 Qxd1 17. Rexd1 Rcd8 18. Kf1 Bg5 19. Rb1 Bd5 20. h4 Be7 21. Ne3 Be6 22. Be5 Rxd1+ 23. Rxd1 Rd8 24. Rxd8+ Bxd8 25. Ke1 Kf7 26. Kd2 Bf6 27. Bxf6 Kxf6 28. Kc3 Ke5 29. Nc4+ Bxc4 30. Kxc4 a6 31. f4+ exf3 32. exf3 f4 33. gxf4+ Kxf4 34. b4 Na4 35. Kd4 b5 36. Bh3 Nb6 37. Bg4 g6 38. h5 gxh5 39. Bxh5 Kg5 1/2-1/2

[Event "BCF-chT2b 1314 (4NCL)"]
[Site "England"]
[Date "2014.01.11"]
[Round "3.65"]
[White "Drabble, Andrew"]
[Black "Burnett, Jim"]
[Result "1/2-1/2"]
[WhiteElo "2080"]
[BlackElo "2138"]
[PlyCount "64"]
[EventDate "2013.11.16"]
[EventType "team-swiss"]
[EventRounds "11"]
[EventCountry "ENG"]
[SourceTitle "EXT 2015"]
[Source "ChessBase"]
[SourceDate "2014.11.20"]
[SourceVersion "1"]
[SourceVersionDate "2014.11.20"]
[SourceQuality "1"]
[WhiteTeam "Bradford DCA Knights"]
[BlackTeam "White Rose II"]
[WhiteTeamCountry "ENG"]
[BlackTeamCountry "ENG"]

1. d4 d5 2. Nf3 c6 3. c4 e6 4. Qc2 Nf6 5. g3 Be7 6. Bg2 0-0 7. 0-0 Nbd7 8. Nbd2 b6 9. e4 Bb7 10. Rd1 Rc8 11. e5 Ne8 12. cxd5 cxd5 13. Qd3 Qc7 14. Nf1 Qc2 15. Qxc2 Rxc2 16. Ne3 Rc8 17. Bd2 Nc7 18. Rdc1 Na6 19. Bf1 Rxc1 20. Rxc1 Rc8 21. Rxc8+ Bxc8 22. a3 Nc7 23. Ne1 Nb8 24. f4 Nc6 25. N3c2 Ba6 26. Bxa6 Nxa6 27. Kf2 f6 28. Ke2 Kf7 29. Kd3 Ke8 30. Nf3 Kd7 31. Ne3 f5 32. Be1 Nc7 1/2-1/2

[Event "BCF-chT2b 1314 (4NCL)"]
[Site "England"]
[Date "2013.11.16"]
[Round "1.52"]
[White "Dineley, Richard"]
[Black "Drabble, Andrew"]
[Result "1-0"]
[WhiteElo "2248"]
[BlackElo "2089"]
[PlyCount "117"]
[EventDate "2013.11.16"]
[EventType "team-swiss"]
[EventRounds "11"]
[EventCountry "ENG"]
[SourceTitle "CBM 157 Extra"]
[Source "ChessBase"]
[SourceDate "2013.12.19"]
[SourceVersion "1"]
[SourceVersionDate "2013.12.19"]
[SourceQuality "1"]
[WhiteTeam "South Wales Dragons"]
[BlackTeam "Bradford DCA Knights"]
[WhiteTeamCountry "ENG"]
[BlackTeamCountry "ENG"]

1. e4 e6 2. d4 d5 3. Nd2 Nc6 4. Ngf3 Nf6 5. e5 Nd7 6. Be2 f6 7. exf6 Qxf6 8. Nf1 Bd6 9. Ne3 0-0 10. 0-0 Nb6 11. Ng4 Qe7 12. c3 e5 13. Ngxe5 Nxe5 14. dxe5 Bxe5 15. Be3 c6 16. Nxe5 Qxe5 17. Bc5 Re8 18. Re1 Bf5 19. Qd2 Qf6 20. Bf1 Qf7 21. b3 Rad8 22. f3 Nc8 23. Rxe8+ Rxe8 24. Re1 b6 25. Rxe8+ Qxe8 26. Bf2 Qd7 27. g4 Be6 28. Qf4 Qf7 29. Qe5 Qf6 30. Qxf6 gxf6 31. Bd4 Kf7 32. Bd3 c5 33. Be3 f5 34. g5 Ne7 35. Kf2 c4 36. Bc2 Nc6 37. bxc4 dxc4 38. Bf4 b5 39. Bd6 Bd7 40. f4 Ke6 41. Bf8 Kf7 42. Bc5 a6 43. Ke3 Be6 44. Bd1 Kg6 45. Bf3 Bd7 46. Bd5 a5 47. a3 a4 48. Bf8 Nd8 49. Bf3 Nc6 50. h4 Kf7 51. Bc5 Kg6 52. h5+ Kg7 53. Bd5 Be8 54. Be6 Bxh5 55. Bd7 Nd8 56. Bxb5 Ne6 57. Bd4+ Kf7 58. Bxa4 Nc7 59. Be5 1-0